000 nam a22 7a 4500
999 _c52431
_d52431
003 OSt
005 20220622161055.0
008 220622b xxu||||| |||| 00| 0 eng d
040 _cIIMT UNIVERSITY MEERUT
100 _aBIRDE, AHUJA
245 _aATB OF BUILDING CONSTRUCTION & CONSTRUCTION MATERIALS
260 _aNEW DELHI
_bDHANPAT RAI
_c2014
300 _a950
942 _2ddc
_c02